<?xml version="1.0" encoding="UTF-8"?>
<record
    xmlns:xsi="http://www.w3.org/2001/XMLSchema-instance"
    xsi:schemaLocation="http://www.loc.gov/MARC21/slim http://www.loc.gov/standards/marcxml/schema/MARC21slim.xsd"
    xmlns="http://www.loc.gov/MARC21/slim">

  <leader>00463    a2200109   4500</leader>
  <controlfield tag="001">ART_47865</controlfield>
  <controlfield tag="005">20260410162013.0</controlfield>
  <controlfield tag="008">260409a                                 </controlfield>
  <datafield tag="245" ind1="1" ind2="0">
    <subfield code="a">Las autoridades de aplicaci&#xF3;n en las pol&#xED;ticas de igualdad y no violencia respecto de las mujeres y ni&#xF1;as (y una visi&#xF3;n balanceada de la estructura estatal)</subfield>
  </datafield>
  <datafield tag="100" ind1="1" ind2=" ">
    <subfield code="a">Caputi, Mar&#xED;a Claudia</subfield>
  </datafield>
  <datafield tag="773" ind1="0" ind2=" ">
    <subfield code="t">Temas de derecho administrativo</subfield>
    <subfield code="g">- A&#xF1;o 3, N&#xB0; 11 (nov. 2018)</subfield>
    <subfield code="w">REV40468</subfield>
  </datafield>
  <datafield tag="999" ind1=" " ind2=" ">
    <subfield code="c">32423</subfield>
    <subfield code="d">32423</subfield>
  </datafield>
</record>
